[Event "Titled Tuesday intern op 25th Jul Early"]
[Site "Chess.com INT"]
[Date "2023.07.25"]
[Round "6"]
[White "Matko, Ognjen"]
[Black "Pinero Rodriguez, Carlos Jose"]
[Result "0-1"]
[WhiteElo "2293"]
[BlackElo "2246"]
[PlyCount "108"]
[EventDate "2023.07.25"]
[EventType "swiss (blitz)"]
[EventRounds "11"]
[EventCountry "USA"]
[SourceTitle "EXT 2024"]
[Source "ChessBase"]
[SourceDate "2023.10.10"]
[SourceVersion "1"]
[SourceVersionDate "2023.10.10"]
[SourceQuality "1"]

1. f4 c5 2. Nf3 e6 3. g3 b6 4. e4 Bb7 5. Nc3 Nf6 6. e5 Ng8 7. Bg2 d5 8. d4 Nc6 9. Ne2 h5 10. 0-0 Nh6 11. c3 Nf5 12. a3 Be7 13. b4 cxd4 14. Nexd4 Ncxd4 15. Nxd4 g6 16. Nxf5 gxf5 17. c4 Rc8 18. cxd5 Bxd5 19. Bxd5 Qxd5 20. Qxd5 exd5 21. Bb2 Rc2 22. Rf2 Rxf2 23. Kxf2 h4 24. Rd1 hxg3+ 25. Kxg3 Rg8+ 26. Kf3 Rh8 27. Kg3 Bh4+ 28. Kf3 Be7 29. Kg3 Kd7 30. Rxd5+ Ke6 31. Rd2 Rg8+ 32. Kf3 Rg1 33. Rg2 Rf1+ 34. Rf2 Rh1 35. Rc2 Rb1 36. Kg3 Kd5 37. Kf3 Bh4 38. Rd2+ Kc4 39. Re2 Rf1+ 40. Ke3 Rd1 41. Kf3 Kb3 42. Kg2 Rd3 43. e6 fxe6 44. Be5 Kxa3 45. b5 Kb4 46. Ra2 Kxb5 47. Rxa7 Kc6 48. Rc7+ Kd5 49. Rd7+ Ke4 50. Rxd3 Kxd3 51. Kf3 b5 52. Bd6 Be1 53. Be7 b4 54. h4 b3 0-1

[Event "Titled Tuesday intern op 7th Mar Early"]
[Site "Chess.com INT"]
[Date "2023.03.07"]
[Round "3"]
[White "Domingo Nunez, Ruben"]
[Black "Matko, Ognjen"]
[Result "1-0"]
[WhiteElo "2376"]
[BlackElo "2295"]
[PlyCount "89"]
[EventDate "2023.03.07"]
[EventType "swiss (blitz)"]
[EventRounds "11"]
[EventCountry "USA"]
[SourceTitle "EXT 2024"]
[Source "ChessBase"]
[SourceDate "2023.10.10"]
[SourceVersion "1"]
[SourceVersionDate "2023.10.10"]
[SourceQuality "1"]

1. b3 e5 2. Bb2 Nc6 3. e3 Nf6 4. Nf3 e4 5. Ne5 Bd6 6. Nc4 Be7 7. d4 d5 8. Ne5 0-0 9. c4 Bb4+ 10. Nc3 Nxe5 11. dxe5 Ng4 12. a3 Bxc3+ 13. Bxc3 dxc4 14. Bxc4 Qh4 15. Qe2 Be6 16. h3 Bxc4 17. bxc4 Nh6 18. 0-0-0 Rfd8 19. Kb2 Rd3 20. g3 Qd8 21. Rxd3 exd3 22. Qf3 c6 23. Rd1 Qb6+ 24. Ka2 Qc5 25. Qe4 b5 26. Bb4 Qb6 27. cxb5 Qxb5 28. Qxd3 Qb6 29. Qd4 Qc7 30. g4 Kh8 31. Qd6 Qb6 32. Qe7 a5 33. Bc5 Qb5 34. Rd8+ Rxd8 35. Qxd8+ Ng8 36. Qd4 Qe2+ 37. Kb3 Qxf2 38. Ka4 Qf3 39. Kxa5 Qxh3 40. a4 Qxg4 41. Qxg4 Ne7 42. Bxe7 h5 43. Qc8+ Kh7 44. Qf5+ Kh6 45. Bg5# 1-0

[Event "Titled Tuesday intern op 7th Mar Early"]
[Site "Chess.com INT"]
[Date "2023.03.07"]
[Round "4"]
[White "Matko, Ognjen"]
[Black "Ardila, Oscar Humberto"]
[Result "0-1"]
[WhiteElo "2295"]
[BlackElo "1982"]
[PlyCount "96"]
[EventDate "2023.03.07"]
[EventType "swiss (blitz)"]
[EventRounds "11"]
[EventCountry "USA"]
[SourceTitle "EXT 2024"]
[Source "ChessBase"]
[SourceDate "2023.10.10"]
[SourceVersion "1"]
[SourceVersionDate "2023.10.10"]
[SourceQuality "1"]

1. e4 e5 2. Nf3 Nf6 3. Nxe5 d6 4. Nf3 Nxe4 5. d4 Be7 6. Bd3 Nf6 7. h3 0-0 8. 0-0 Nbd7 9. c4 Re8 10. Nc3 Nf8 11. Re1 Ng6 12. Bc2 Be6 13. d5 Bc8 14. Qd3 Nd7 15. Be3 Bf6 16. b3 Nc5 17. Qd2 a5 18. Rac1 Bd7 19. Nd4 Qc8 20. Ndb5 Na6 21. Bd4 Bxd4 22. Qxd4 Nc5 23. h4 Bxb5 24. Nxb5 Qd7 25. h5 Ne5 26. h6 gxh6 27. Re3 f6 28. Rg3+ Kh8 29. f3 Rg8 30. Qf4 Rxg3 31. Qxg3 Rg8 32. Qf4 Qg7 33. g4 Ncd3 34. Bxd3 Nxd3 35. Qe3 Nxc1 36. Qxc1 h5 37. Nd4 hxg4 38. Ne6 Qg6 39. f4 g3 40. Kg2 Qh5 41. Qc3 Qh2+ 42. Kf3 Qf2+ 43. Ke4 Qe2+ 44. Kf5 Qg4+ 45. Ke4 Qg6+ 46. f5 Qg4+ 47. Nf4 Re8+ 48. Kd3 Qxf5+ 0-1

[Event "Titled Tuesday intern op 21st Feb Late"]
[Site "Chess.com INT"]
[Date "2023.02.21"]
[Round "1"]
[White "Maksimovic, Bojan"]
[Black "Matko, Ognjen"]
[Result "0-1"]
[WhiteElo "2486"]
[BlackElo "2288"]
[PlyCount "114"]
[EventDate "2023.02.21"]
[EventType "swiss (blitz)"]
[EventRounds "11"]
[EventCountry "USA"]
[SourceTitle "CBM 212 Extra"]
[Source "ChessBase"]
[SourceDate "2023.03.31"]
[SourceVersion "1"]
[SourceVersionDate "2023.03.31"]
[SourceQuality "1"]

1. e4 e5 2. Nf3 Nc6 3. Bb5 a6 4. Ba4 Nf6 5. 0-0 b5 6. Bb3 Bc5 7. c3 d6 8. d4 Ba7 9. Be3 0-0 10. Nbd2 Bg4 11. h3 Bh5 12. Qb1 Re8 13. Re1 Qd7 14. d5 Na5 15. Bg5 Bg6 16. Bxf6 gxf6 17. Bc2 c6 18. b4 Nb7 19. Nh4 Kh8 20. a4 Rg8 21. Kf1 c5 22. a5 cxb4 23. cxb4 Rac8 24. Ra3 Bd4 25. Nf5 Bxf5 26. exf5 Rc7 27. Ne4 Qxf5 28. Rf3 Qg6 29. Rg3 Qh6 30. Rxg8+ Kxg8 31. Bd3 Qf4 32. Qa2 f5 33. Ng3 Rc3 34. Qe2 Rxd3 35. Nh5 Qg5 36. f4 Qg6 37. Qxd3 Qxh5 38. Rc1 Qh4 39. Qd2 Qg3 40. Rc7 Nc5 41. bxc5 Bxc5 42. Rxc5 dxc5 43. d6 Qh4 44. d7 Qd8 45. fxe5 c4 46. Qd6 c3 47. Qc6 c2 48. e6 fxe6 49. Qxe6+ Kg7 50. Qe5+ Kh6 51. Qe6+ Kg5 52. Qe3+ Kf6 53. Qb6+ Qxb6 54. axb6 c1Q+ 55. Ke2 Qc4+ 56. Ke3 Qc5+ 57. Kf3 Qxb6 0-1

[Event "Titled Tuesday intern op 21st Feb Early"]
[Site "Chess.com INT"]
[Date "2023.02.21"]
[Round "11"]
[White "Matko, Ognjen"]
[Black "Guzman Moneo, Alberto"]
[Result "0-1"]
[WhiteElo "2288"]
[BlackElo "2146"]
[PlyCount "102"]
[EventDate "2023.02.21"]
[EventType "swiss (blitz)"]
[EventRounds "11"]
[EventCountry "USA"]
[SourceTitle "CBM 212 Extra"]
[Source "ChessBase"]
[SourceDate "2023.03.31"]
[SourceVersion "1"]
[SourceVersionDate "2023.03.31"]
[SourceQuality "1"]

1. e4 c5 2. Nf3 Nc6 3. d4 cxd4 4. Nxd4 g6 5. c4 Nf6 6. Nc3 d6 7. f3 Nxd4 8. Qxd4 Bg7 9. Be3 0-0 10. Qd2 a5 11. 0-0-0 a4 12. Bh6 Qa5 13. Bxg7 Kxg7 14. Nd5 Nxd5 15. Qxa5 Rxa5 16. exd5 e5 17. dxe6 Bxe6 18. Rxd6 Rc8 19. Rd4 b5 20. b3 axb3 21. axb3 bxc4 22. bxc4 Bxc4 23. Kd2 Ra1 24. Bxc4 Rxh1 25. h3 Rg1 26. g4 Rg3 27. Ke3 Rxh3 28. Kf4 h5 29. Ba2 hxg4 30. Kxg4 Rh2 31. Bc4 Rg2+ 32. Kf4 Rc5 33. Bb3 f5 34. Rd7+ Kh6 35. Bg8 g5+ 36. Ke3 Re5+ 37. Kd4 Re1 38. Rh7+ Kg6 39. Ra7 Rd2+ 40. Kc3 Rd6 41. Bh7+ Kf6 42. Bg8 Re3+ 43. Kc4 Rxf3 44. Kc5 Rd2 45. Bd5 Rxd5+ 46. Kxd5 g4 47. Ra8 Kg5 48. Kd4 Kf4 49. Rg8 g3 50. Rh8 g2 51. Rh4+ Kg3 0-1

[Event "Titled Tuesday intern op 21st Feb Early"]
[Site "Chess.com INT"]
[Date "2023.02.21"]
[Round "10"]
[White "Orujov, Farid"]
[Black "Matko, Ognjen"]
[Result "1/2-1/2"]
[WhiteElo "2225"]
[BlackElo "2288"]
[PlyCount "172"]
[EventDate "2023.02.21"]
[EventType "swiss (blitz)"]
[EventRounds "11"]
[EventCountry "USA"]
[SourceTitle "CBM 212 Extra"]
[Source "ChessBase"]
[SourceDate "2023.03.31"]
[SourceVersion "1"]
[SourceVersionDate "2023.03.31"]
[SourceQuality "1"]

1. e4 e5 2. Nf3 Nc6 3. d4 exd4 4. Nxd4 Bc5 5. Be3 Qf6 6. c3 Nge7 7. Qf3 Qxf3 8. gxf3 Nxd4 9. cxd4 Bb4+ 10. Nc3 d5 11. 0-0-0 c6 12. a3 Ba5 13. Rg1 g6 14. Bg5 Be6 15. Bd3 Rc8 16. Na4 Ng8 17. Nc5 Rc7 18. Bf4 Re7 19. Bd6 Bb6 20. Bxe7 Nxe7 21. Nxe6 fxe6 22. Bc2 Kf7 23. h4 Rf8 24. h5 Kg7 25. hxg6 hxg6 26. Rg3 Rh8 27. exd5 exd5 28. Re1 Kf6 29. Rg4 Bc7 30. Reg1 Rh6 31. Bd3 Bd6 32. Kc2 Bc7 33. Kc3 Bd6 34. b4 a6 35. Re1 Rh3 36. Re3 Rh2 37. Re2 Rh3 38. f4 Nf5 39. Kd2 Bc7 40. Bxf5 gxf5 41. Rg8 Bxf4+ 42. Kc2 Rxa3 43. Rf8+ Kg6 44. Re6+ Kg5 45. Re7 Bd6 46. Rg7+ Kf4 47. Rf6 Bxb4 48. Rxb7 Be1 49. Rbf7 Ke4 50. Rxf5 Kxd4 51. Rf4+ Kc5 52. R4f6 Bc3 53. Rg6 d4 54. Rc7 Kb4 55. Rcxc6 Ra2+ 56. Kd3 Rd2+ 57. Ke4 a5 58. Rb6+ Kc4 59. f4 Re2+ 60. Kf3 Re3+ 61. Kf2 Kd3 62. f5 Re2+ 63. Kf3 a4 64. f6 Re1 65. Kf2 Re4 66. Kf3 Bd2 67. f7 Rf4+ 68. Kg3 Rxf7 69. Ra6 Bc3 70. Rxa4 Re7 71. Rd6 Re3+ 72. Kg4 Re4+ 73. Kg5 Re1 74. Kf5 Rf1+ 75. Kg4 Kc2 76. Rdxd4 Rg1+ 77. Kf5 Bxd4 78. Rxd4 Rf1+ 79. Rf4 Rd1 80. Re4 Kc1 81. Rf4 Rd2 82. Rc4+ Rc2 83. Rf4 Kb2 84. Ke4 Rc3 85. Rf3 Kb3 86. Rxc3+ Kxc3 1/2-1/2

[Event "Titled Tuesday intern op 07th Feb Late"]
[Site "Chess.com INT"]
[Date "2023.02.07"]
[Round "8"]
[White "Matko, Ognjen"]
[Black "Schuster, Karsten"]
[Result "0-1"]
[WhiteElo "2288"]
[BlackElo "2306"]
[PlyCount "86"]
[EventDate "2023.02.07"]
[EventType "swiss (blitz)"]
[EventRounds "11"]
[EventCountry "USA"]
[SourceTitle "EXT 2024"]
[Source "ChessBase"]
[SourceDate "2023.10.10"]
[SourceVersion "1"]
[SourceVersionDate "2023.10.10"]
[SourceQuality "1"]

1. e4 c6 2. d4 d5 3. exd5 cxd5 4. Bd3 Nc6 5. c3 Nf6 6. h3 g6 7. Bf4 Bf5 8. Bxf5 gxf5 9. Qb3 Qc8 10. Nd2 Bg7 11. Ne2 0-0 12. 0-0 e6 13. Rfe1 Ne4 14. Nf3 Ne7 15. Rac1 Ng6 16. Qd1 b5 17. Bh2 Bh6 18. Rc2 Qc4 19. b3 Qc6 20. Ne5 Nxe5 21. Bxe5 Rfc8 22. Qd3 Kf8 23. f3 Nd6 24. Nf4 Bxf4 25. Bxf4 Ne8 26. Bh6+ Kg8 27. Qd2 Qd6 28. Qg5+ Kh8 29. Rce2 Qd8 30. Qd2 Qf6 31. Bf4 Qg6 32. Be5+ Kg8 33. g4 fxg4 34. Rg2 h5 35. fxg4 h4 36. Rf2 f6 37. Bh2 Rc6 38. Ref1 Rac8 39. Be5 Rxc3 40. Bxf6 Rg3+ 41. Kh2 Rcc3 42. Be5 Rxh3+ 43. Kg2 Qxg4+ 0-1

[Event "Titled Tuesday intern op 07th Feb Late"]
[Site "Chess.com INT"]
[Date "2023.02.07"]
[Round "9"]
[White "Tinmaz, Kerem"]
[Black "Matko, Ognjen"]
[Result "0-1"]
[WhiteElo "2177"]
[BlackElo "2288"]
[PlyCount "52"]
[EventDate "2023.02.07"]
[EventType "swiss (blitz)"]
[EventRounds "11"]
[EventCountry "USA"]
[SourceTitle "EXT 2024"]
[Source "ChessBase"]
[SourceDate "2023.10.10"]
[SourceVersion "1"]
[SourceVersionDate "2023.10.10"]
[SourceQuality "1"]

1. e4 e5 2. Nf3 Nc6 3. Bb5 a6 4. Bxc6 dxc6 5. 0-0 Bg4 6. h3 h5 7. d3 Qf6 8. Be3 Ne7 9. Nbd2 Ng6 10. hxg4 hxg4 11. Ng5 Nf4 12. Bxf4 Qxf4 13. g3 Qxg5 14. Kg2 Bc5 15. Nc4 0-0-0 16. b4 Ba7 17. Rh1 f5 18. Nxe5 Qf6 19. Nc4 Rxh1 20. Qxh1 fxe4 21. Rf1 exd3 22. cxd3 Rxd3 23. Qh5 Qf3+ 24. Kh2 Rd5 25. Qe8+ Rd8 26. Qe6+ Kb8 0-1

[Event "Titled Tuesday intern op 31st Jan Late"]
[Site "Chess.com INT"]
[Date "2023.01.31"]
[Round "1"]
[White "Tari, Aryan"]
[Black "Matko, Ognjen"]
[Result "1-0"]
[WhiteElo "2653"]
[BlackElo "2300"]
[PlyCount "73"]
[EventDate "2023.01.31"]
[EventType "swiss (blitz)"]
[EventRounds "11"]
[EventCountry "USA"]
[SourceTitle "CBM 212 Extra"]
[Source "ChessBase"]
[SourceDate "2023.03.31"]
[SourceVersion "1"]
[SourceVersionDate "2023.03.31"]
[SourceQuality "1"]

1. c3 d5 2. d4 Nf6 3. Nf3 c6 4. Bf4 Bf5 5. e3 Qb6 6. Qb3 e6 7. h3 h6 8. Be2 Nbd7 9. 0-0 Be7 10. c4 Qxb3 11. axb3 0-0 12. c5 a6 13. b4 Ne4 14. Nc3 Rac8 15. Nxe4 Bxe4 16. Nd2 Bh7 17. Nb3 Rfe8 18. Na5 e5 19. dxe5 Bf8 20. Nxb7 Nxe5 21. Bxa6 Bd3 22. Rfd1 Bxa6 23. Rxa6 g5 24. Bg3 h5 25. Na5 Nc4 26. Nxc6 Nxb2 27. Rxd5 f6 28. Bd6 Ra8 29. b5 Nc4 30. Bxf8 Kxf8 31. Rxa8 Rxa8 32. b6 Ra1+ 33. Kh2 Rb1 34. Rd4 Ne5 35. Nxe5 fxe5 36. Rd5 Rb2 37. Rxe5 1-0

[Event "Titled Tuesday intern op 31st Jan Late"]
[Site "Chess.com INT"]
[Date "2023.01.31"]
[Round "9"]
[White "Todev, Simeon"]
[Black "Matko, Ognjen"]
[Result "0-1"]
[WhiteElo "2119"]
[BlackElo "2300"]
[PlyCount "30"]
[EventDate "2023.01.31"]
[EventType "swiss (blitz)"]
[EventRounds "11"]
[EventCountry "USA"]
[SourceTitle "CBM 212 Extra"]
[Source "ChessBase"]
[SourceDate "2023.03.31"]
[SourceVersion "1"]
[SourceVersionDate "2023.03.31"]
[SourceQuality "1"]

1. e4 e5 2. Nf3 Nc6 3. d4 exd4 4. Bc4 Nf6 5. 0-0 Be7 6. e5 Ne4 7. Bd5 Nc5 8. Nxd4 Nxd4 9. Qxd4 0-0 10. Nc3 c6 11. Bf3 d5 12. exd6 Bxd6 13. Bg5 Bxh2+ 14. Kxh2 Qxd4 15. Rad1 Qe5+ 0-1

[Event "Titled Tuesday intern Qual1 4th April"]
[Site "Chess.com INT"]
[Date "2017.04.04"]
[Round "10"]
[White "Dang, Hoang Son"]
[Black "Matko, Ognjen"]
[Result "1-0"]
[WhiteElo "2304"]
[BlackElo "2302"]
[PlyCount "129"]
[EventDate "2017.04.04"]
[EventType "swiss (blitz)"]
[EventRounds "10"]
[EventCountry "USA"]
[SourceTitle "EXT 2021"]
[Source "ChessBase"]
[SourceDate "2020.10.23"]
[SourceVersion "1"]
[SourceVersionDate "2020.10.23"]
[SourceQuality "1"]

1. d4 Nf6 2. c4 e6 3. g3 d5 4. Nf3 Be7 5. Bg2 0-0 6. 0-0 Nbd7 7. Qc2 a6 8. Bf4 dxc4 9. Qxc4 c5 10. dxc5 Nxc5 11. Qc2 Bd7 12. Ne5 Rc8 13. Nc3 b5 14. a3 Na4 15. Rad1 Nxc3 16. bxc3 Qe8 17. Bb7 Rc5 18. Nxd7 Nxd7 19. Bxa6 Nf6 20. Bb7 Rc4 21. Qb3 Ra4 22. Ra1 Qd7 23. Bf3 Rc8 24. Rfd1 Qe8 25. Rdb1 Ra5 26. Bb7 Rc4 27. Bg2 Rca4 28. Bc7 Rxa3 29. Rxa3 Rxa3 30. Qxb5 Qxb5 31. Rxb5 h6 32. Be5 Ra1+ 33. Bf1 Rc1 34. e3 Nd5 35. c4 Nc3 36. Rb8+ Kh7 37. Kg2 f6 38. Bd3+ g6 39. Rb7 fxe5 40. Rxe7+ Kg8 41. Bxg6 Nd1 42. Rxe6 Rxc4 43. Rxe5 Rb4 44. Bh5 Nc3 45. Bf3 Rb2 46. Re6 Kg7 47. Rc6 Nb1 48. h4 Nd2 49. Bd5 Rb5 50. e4 Rb2 51. h5 Nb1 52. e5 Na3 53. Rc7+ Kh8 54. e6 Re2 55. e7 Nb5 56. Rc8+ Kg7 57. e8Q Rxe8 58. Rxe8 Nc3 59. Bc6 Nd1 60. Re1 Nc3 61. Re3 Nd1 62. Rd3 Nb2 63. Rd4 Kf6 64. f4 Kf5 65. Kf3 1-0

[Event "Titled Tuesday intern Qual1 4th April"]
[Site "Chess.com INT"]
[Date "2017.04.04"]
[Round "1"]
[White "Pichot, Alan"]
[Black "Matko, Ognjen"]
[Result "1-0"]
[WhiteElo "2556"]
[BlackElo "2302"]
[PlyCount "141"]
[EventDate "2017.04.04"]
[EventType "swiss (blitz)"]
[EventRounds "10"]
[EventCountry "USA"]
[SourceTitle "EXT 2021"]
[Source "ChessBase"]
[SourceDate "2020.10.23"]
[SourceVersion "1"]
[SourceVersionDate "2020.10.23"]
[SourceQuality "1"]

1. e4 c5 2. Nf3 Nc6 3. Bb5 g6 4. c3 Bg7 5. d4 cxd4 6. cxd4 a6 7. Ba4 b5 8. Bb3 Bb7 9. 0-0 Na5 10. Bc2 Nf6 11. Re1 0-0 12. Bg5 Rc8 13. Nbd2 Nc4 14. Nxc4 Rxc4 15. Bd3 Rc8 16. Qd2 d5 17. Bxf6 Bxf6 18. e5 Bg7 19. Rac1 Qd7 20. Qb4 Rxc1 21. Rxc1 Rc8 22. Rxc8+ Bxc8 23. Nd2 f6 24. f4 fxe5 25. fxe5 Qa7 26. Kf1 Bh6 27. Nb3 Qc7 28. a4 bxa4 29. Qxa4 Kg7 30. Qe8 Be3 31. Ke2 Bg1 32. h3 a5 33. Kf1 Be3 34. Ke2 Bg1 35. Qa4 Qb6 36. Kf1 Be3 37. Ke2 Bg1 38. Qb5 Bxd4 39. Qxd5 Bg1 40. Nd2 Qe3+ 41. Kd1 Bf2 42. Bc4 Qe1+ 43. Kc2 Bf5+ 44. Kb3 Qd1+ 45. Ka3 Be3 46. Nb3 Qb1 47. Qf7+ Kh6 48. g4 Bc2 49. h4 g5 50. Qh5+ Kg7 51. Qf7+ Kh6 52. hxg5+ Kxg5 53. Qxe7+ Kf4 54. Qf6+ Kg3 55. e6 Bxb3 56. Bxb3 Bc5+ 57. Ka4 Qe4+ 58. Kb5 Qb4+ 59. Kc6 Qb6+ 60. Kd5 Qd6+ 61. Kc4 Be3 62. Qc3 Qc5+ 63. Kd3 Qxc3+ 64. bxc3 Bc5 65. Bd1 Kf4 66. Kc4 Be7 67. Kd5 Ke3 68. c4 Kd2 69. Ba4 Kc3 70. c5 Kb4 71. c6 1-0

[Event "Titled Tuesday intern Qual1 4th April"]
[Site "Chess.com INT"]
[Date "2017.04.04"]
[Round "3"]
[White "Tomb, Maroun"]
[Black "Matko, Ognjen"]
[Result "0-1"]
[WhiteElo "2133"]
[BlackElo "2302"]
[PlyCount "64"]
[EventDate "2017.04.04"]
[EventType "swiss (blitz)"]
[EventRounds "10"]
[EventCountry "USA"]
[SourceTitle "EXT 2021"]
[Source "ChessBase"]
[SourceDate "2020.10.23"]
[SourceVersion "1"]
[SourceVersionDate "2020.10.23"]
[SourceQuality "1"]

1. e4 c5 2. Ne2 Nc6 3. g3 g6 4. Bg2 Bg7 5. 0-0 Nf6 6. Na3 0-0 7. c3 d5 8. d3 h6 9. Be3 b6 10. h3 Bb7 11. f4 dxe4 12. dxe4 Qc7 13. Qc2 Rad8 14. Rad1 Ba6 15. e5 Nh5 16. Kh2 Nxe5 17. fxe5 Bxe2 18. Qxe2 Bxe5 19. Bf4 Bxf4 20. gxf4 Nxf4 21. Qe4 Ne2+ 22. Kh1 Ng3+ 23. Kg1 Nxe4 24. Bxe4 Qg3+ 25. Bg2 Rxd1 26. Rxd1 e5 27. Nc4 Re8 28. Rd7 e4 29. Nd6 e3 30. Nxe8 e2 31. Nf6+ Kg7 32. Ne8+ Kf8 0-1